Flowers

Bibliographic Details
Main Author: Waldron, Melanie (Author)
Format: Book
Published: London : Raintree [2014]
Series:plant parts
Subjects:

MARC

LEADER 00000cam a2200000 7i4500
001 0000296308
005 20240403143712.0
006 ao ###j ### 001 0
007 t
008 211231s2014 enko j 0010 eng d
020 |a 9781406274776 
040 |a MBPJ   |b eng   |c MBPJ   |e rda 
090 0 0 |a 582.13   |b WAL 
100 1 |a Waldron, Melanie ,   |e author 
245 1 0 |a Flowers   |c Melanie Waldron 
264 1 |a London :   |b Raintree   |c [2014] 
300 |a 32 pages :   |b photographs ;   |c 28 cm. 
336 |a still image  |2 rdacontent 
336 |a text  |2 rdacontent 
337 |a unmediated  |2 rdamedia 
338 |a volume  |2 rdacarrier 
490 1 |a plant parts 
500 |a donated by 
500 |a Includes index 
650 0 |a Flowers   |v Juvenile literature 
999 |a 00389212   |b BUKU   |c JUNIOR BOOKS   |e PERPUSTAKAAN KOMUNITI CAW BANDAR UTAMA